[Event "EU-Cup 34th"]
[Site "Porto Carras"]
[Date "2018.10.15"]
[Round "4.3"]
[White "Tari, Aryan"]
[Black "Swinkels, Robin"]
[Result "1-0"]
[WhiteElo "2618"]
[BlackElo "2486"]
[PlyCount "111"]
[EventDate "2018.10.12"]
[EventType "team-swiss"]
[EventRounds "7"]
[EventCountry "GRE"]
[SourceTitle "CBM 187"]
[Source "ChessBase"]
[SourceDate "2018.12.11"]
[SourceVersion "1"]
[SourceVersionDate "2018.12.11"]
[SourceQuality "1"]
[WhiteTeam "Valerenga"]
[BlackTeam "Aachen Aufwaerts"]
[WhiteTeamCountry "NOR"]
[BlackTeamCountry "GER"]

1. c4 e5 2. Nc3 Bb4 3. Nd5 Bc5 4. e3 Nf6 5. b4 Be7 6. Nxe7 Qxe7 7. a3 a5 8. b5 d6 9. Be2 0-0 10. d3 Nbd7 11. Nf3 e4 12. dxe4 Nxe4 13. Bb2 Ndc5 14. Nd4 Bd7 15. 0-0 b6 16. Qc2 f5 17. Rae1 Qg5 18. Bd1 Rae8 19. f3 Nf6 20. Qd2 Re7 21. Bc2 Kh8 22. Nc6 Bxc6 23. bxc6 h5 24. Qf2 h4 25. Bc1 Nh5 26. Rd1 f4 27. Rd4 Ng3 28. Re1 Rfe8 29. e4 Nh5 30. Rd5 Re5 31. Bb2 Nf6 32. Bxe5 Nxd5 33. Bxd6 Ne3 34. Bxf4 Qxf4 35. Qxe3 Qxe3+ 36. Rxe3 g5 37. e5 Kg7 38. Bf5 Kf7 39. Bd7 Rf8 40. e6+ Ke7 41. Re5 Rg8 42. g3 hxg3 43. hxg3 Rg6 44. Kg2 Rg8 45. Kh3 Kf6 46. Re3 Rg7 47. Kg4 Re7 48. f4 Rg7 49. fxg5+ Rxg5+ 50. Kh4 Rg7 51. g4 Rh7+ 52. Kg3 Rg7 53. Kf4 Ke7 54. g5 Rg8 55. Kg4 a4 56. Re5 1-0

[Event "EU-Cup 34th"]
[Site "Porto Carras"]
[Date "2018.10.14"]
[Round "3.3"]
[White "Swinkels, Robin"]
[Black "Nikolovski, Nikola"]
[Result "1-0"]
[WhiteElo "2486"]
[BlackElo "2369"]
[PlyCount "71"]
[EventDate "2018.10.12"]
[EventType "team-swiss"]
[EventRounds "7"]
[EventCountry "GRE"]
[SourceTitle "CBM 187"]
[Source "ChessBase"]
[SourceDate "2018.12.11"]
[SourceVersion "1"]
[SourceVersionDate "2018.12.11"]
[SourceQuality "1"]
[WhiteTeam "Aachen Aufwaerts"]
[BlackTeam "Gambit Asseco See"]
[WhiteTeamCountry "GER"]
[BlackTeamCountry "MKD"]

1. c4 e5 2. g3 Be7 3. Bg2 f5 4. Nc3 Nf6 5. d3 0-0 6. e4 fxe4 7. dxe4 Nc6 8. Be3 Bb4 9. Rc1 d6 10. h3 Be6 11. Qd3 Qe8 12. a3 Bc5 13. Nd5 Bxe3 14. Qxe3 Qd7 15. Ne2 Rf7 16. Kf1 Raf8 17. Kg1 Nd8 18. f3 Nh5 19. Kh2 c6 20. Nb4 Rf6 21. Nd3 Rh6 22. g4 Nf4 23. Nexf4 exf4 24. Nxf4 Qf7 25. Ne2 Bxc4 26. Ng3 Be6 27. Rhd1 Qe7 28. Qxa7 Nf7 29. Rxc6 Ng5 30. Rcxd6 Nxh3 31. Nf5 Rxf5 32. exf5 Qh4 33. Qb8+ Kf7 34. Qc7+ Kf6 35. Rxe6+ Kg5 36. Qxg7+ 1-0

[Event "EU-Cup 34th"]
[Site "Porto Carras"]
[Date "2018.10.13"]
[Round "2.3"]
[White "Swinkels, Robin"]
[Black "Bokros, Albert"]
[Result "1/2-1/2"]
[WhiteElo "2486"]
[BlackElo "2465"]
[PlyCount "62"]
[EventDate "2018.10.12"]
[EventType "team-swiss"]
[EventRounds "7"]
[EventCountry "GRE"]
[SourceTitle "CBM 187"]
[Source "ChessBase"]
[SourceDate "2018.12.11"]
[SourceVersion "1"]
[SourceVersionDate "2018.12.11"]
[SourceQuality "1"]
[WhiteTeam "Aachen Aufwaerts"]
[BlackTeam "Dunajska Streda"]
[WhiteTeamCountry "GER"]
[BlackTeamCountry "SVK"]

1. d4 Nf6 2. c4 e6 3. g3 d5 4. Nf3 Be7 5. Bg2 0-0 6. 0-0 dxc4 7. Qc2 a6 8. Qxc4 b5 9. Qc2 Bb7 10. Bd2 Be4 11. Qc1 Bb7 12. Qc2 Be4 13. Qc1 Bb7 14. Bf4 Bd6 15. Nbd2 Nbd7 16. Rd1 Nd5 17. Bxd6 cxd6 18. a4 N5f6 19. Qc2 Rc8 20. Qd3 Qb6 21. axb5 axb5 22. Ng5 Bxg2 23. Kxg2 Qc6+ 24. Ngf3 Qc2 25. Qxb5 Rb8 26. Qc4 Qxc4 27. Nxc4 d5 28. Ncd2 Rxb2 29. Rdb1 Rxb1 30. Rxb1 Rb8 31. Rxb8+ Nxb8 1/2-1/2

[Event "EU-Cup 34th"]
[Site "Porto Carras"]
[Date "2018.10.12"]
[Round "1.3"]
[White "Thorarinsson, Pall A"]
[Black "Swinkels, Robin"]
[Result "0-1"]
[WhiteElo "2270"]
[BlackElo "2486"]
[PlyCount "66"]
[EventDate "2018.10.12"]
[EventType "team-swiss"]
[EventRounds "7"]
[EventCountry "GRE"]
[SourceTitle "CBM 187"]
[Source "ChessBase"]
[SourceDate "2018.12.11"]
[SourceVersion "1"]
[SourceVersionDate "2018.12.11"]
[SourceQuality "1"]
[WhiteTeam "Viking CC"]
[BlackTeam "Aachen Aufwaerts"]
[WhiteTeamCountry "ISL"]
[BlackTeamCountry "GER"]

1. d4 Nf6 2. Nf3 d5 3. c4 e6 4. Nc3 c6 5. Bg5 h6 6. Bxf6 Qxf6 7. e3 g6 8. Bd3 Bg7 9. 0-0 0-0 10. b4 Nd7 11. cxd5 exd5 12. b5 Qd6 13. bxc6 bxc6 14. Rc1 c5 15. Nb5 Qb6 16. dxc5 Nxc5 17. Be2 Bb7 18. Nc3 Ne4 19. Na4 Qa5 20. Nd4 Rac8 21. Rb1 Ba6 22. Bxa6 Qxa6 23. Rb4 Rfd8 24. g3 h5 25. h4 Bf8 26. Rb1 Rc4 27. Nb2 Rb4 28. a3 Rbb8 29. Qd3 Qxa3 30. Qxa3 Bxa3 31. Nc6 Nd2 32. Nxb8 Rxb8 33. Nc4 Nxb1 0-1

[Event "BEL-chT 1617"]
[Site "Belgium"]
[Date "2017.03.26"]
[Round "10.3"]
[White "Swinkels, Robin"]
[Black "Claesen, Pieter"]
[Result "1-0"]
[WhiteElo "2484"]
[BlackElo "2311"]
[PlyCount "51"]
[EventDate "2016.10.02"]
[EventType "team-tourn"]
[EventRounds "11"]
[EventCountry "BEL"]
[SourceTitle "EXT 2018"]
[Source "ChessBase"]
[SourceDate "2017.10.13"]
[SourceVersion "1"]
[SourceVersionDate "2017.10.13"]
[SourceQuality "1"]
[WhiteTeam "Eynatten"]
[BlackTeam "Fontaine"]
[WhiteTeamCountry "BEL"]
[BlackTeamCountry "BEL"]

1. e4 e6 2. d4 d5 3. Nc3 Nc6 4. Nf3 Nf6 5. Bd3 Nb4 6. Bg5 Be7 7. e5 Nd7 8. Bxe7 Qxe7 9. 0-0 c5 10. dxc5 0-0 11. a3 Nxd3 12. cxd3 d4 13. Ne4 Nxc5 14. Qc2 Nd7 15. Qc7 Qd8 16. Rfc1 Nb6 17. Qd6 Nd5 18. Nxd4 Qh4 19. g3 Qg4 20. Rc4 b6 21. Nc6 Qf3 22. Ng5 Qf5 23. h4 h6 24. Rf4 Qg6 25. Qxd5 Qxg5 26. Qf3 1-0

[Event "EU-Cup 32nd"]
[Site "Novi Sad"]
[Date "2016.11.10"]
[Round "5.2"]
[White "Bokros, Albert"]
[Black "Swinkels, Robin"]
[Result "1/2-1/2"]
[WhiteElo "2492"]
[BlackElo "2480"]
[PlyCount "61"]
[EventDate "2016.11.06"]
[EventType "team-swiss"]
[EventRounds "7"]
[EventCountry "SRB"]
[SourceTitle "CBM 176"]
[Source "ChessBase"]
[SourceDate "2017.01.17"]
[SourceVersion "1"]
[SourceVersionDate "2017.01.17"]
[SourceQuality "1"]
[WhiteTeam "Dunajska Streda"]
[BlackTeam "Eynatten"]
[WhiteTeamCountry "SVK"]
[BlackTeamCountry "BEL"]

1. e4 e5 2. Nf3 Nc6 3. Bb5 Nf6 4. 0-0 Nxe4 5. Re1 Nd6 6. Nxe5 Nxe5 7. Rxe5+ Be7 8. Bf1 0-0 9. d4 Bf6 10. Re1 Re8 11. c3 Rxe1 12. Qxe1 Qe8 13. Qxe8+ Nxe8 14. Nd2 Bg5 15. Nf3 Bxc1 16. Rxc1 d5 17. Bd3 Nd6 18. Re1 c6 19. Kf1 a5 20. h3 Kf8 21. Ke2 Bf5 22. Bxf5 Nxf5 23. Kd3 Nd6 24. Nd2 a4 25. Re3 f6 26. Re6 Rd8 27. Kc2 Kf7 28. Re1 Ra8 29. Re2 h5 30. Kd3 g5 31. c4 1/2-1/2

[Event "EU-Cup 32nd"]
[Site "Novi Sad"]
[Date "2016.11.09"]
[Round "4.2"]
[White "Swinkels, Robin"]
[Black "Romanov, Evgeny"]
[Result "1/2-1/2"]
[WhiteElo "2480"]
[BlackElo "2633"]
[PlyCount "112"]
[EventDate "2016.11.06"]
[EventType "team-swiss"]
[EventRounds "7"]
[EventCountry "SRB"]
[SourceTitle "CBM 176"]
[Source "ChessBase"]
[SourceDate "2017.01.17"]
[SourceVersion "1"]
[SourceVersionDate "2017.01.17"]
[SourceQuality "1"]
[WhiteTeam "Eynatten"]
[BlackTeam "Vaalerenga"]
[WhiteTeamCountry "BEL"]
[BlackTeamCountry "NOR"]

1. d4 Nf6 2. c4 e6 3. g3 c5 4. d5 exd5 5. cxd5 d6 6. Nc3 g6 7. Bg2 Bg7 8. Nf3 0-0 9. 0-0 Re8 10. Bf4 Na6 11. Re1 Bg4 12. Nd2 Nh5 13. Be3 Qd7 14. Qb3 Rab8 15. Nce4 b5 16. f3 Bf5 17. Bf2 Nc7 18. Rad1 a5 19. a3 c4 20. Qa2 a4 21. Nc3 Bxc3 22. bxc3 Nxd5 23. Qb2 Bh3 24. Ne4 Bxg2 25. Kxg2 Nhf6 26. Nxf6+ Nxf6 27. e4 Qc6 28. Re2 d5 29. Red2 Rbd8 30. Rd4 Rd7 31. Qd2 Red8 32. e5 Ne8 33. Qh6 f6 34. exf6 Qxf6 35. Rf4 Qg7 36. Qh3 Re7 37. Bd4 Re2+ 38. Kf1 Qe7 39. Qh6 Re6 40. h4 Nc7 41. Qg5 Qxg5 42. hxg5 b4 43. cxb4 Nb5 44. Bf6 Rdd6 45. Bd4 Nxa3 46. Ra1 Nb5 47. Rxa4 Ra6 48. Rxa6 Rxa6 49. Ke2 Ra2+ 50. Kd1 c3 51. Bc5 d4 52. Rf8+ Kg7 53. Re8 d3 54. Re7+ Kg8 55. Re8+ Kf7 56. Re7+ Kg8 1/2-1/2